000 01476 a2200205 4500
001 59964
005 20260407155852.0
008 260407a1969 arg spa d
003 AR-UNSa-BCEJYS
040 _aAR-UNSa-BCEJYS
_bspa
_cAR-UNSa-BCEJYS
080 _a340.12
_xTendencias en la teoría del derecho. Escuelas, doctrinas jurídicas. Filosofía del derecho. Teorías sobre el Estado y el derecho
245 1 0 _aFilosofía del derecho constitucional
264 1 _aBuenos Aires :
_bEDIAR
_c1969
300 _a319 p.
_c20 cm.
505 _a1. La teoría trialista de Werner Goldschmidt – 2. Ser y deber-ser – 3. Las conductas y los repartos (y su relación con las normas) – 4. Las normas – 5. El reparto constituyente y los repartos constitucionales – 6. La constitución – 7. El derecho espontáneo – 8. El derecho judicial – 9. Validez y vigencia – 10. El fraccionamiento del régimen constitucional – 11. El poder constituyente – 12. La interpretación y la integración constitucionales – 13. Previsibilidad y coacción – 14. El valor justicia – 15. Aspectos de la justicia – 16. Los derechos individuales y su declaración a la luz del valor justicia – 17. La exigencia dikelógica de potencia (derechos) e impotencia (deberes) – 18. La injusticia y sus problemas fundamentales – 19. Los repartos autónomos -
041 _aspa
942 _cBK
590 _aniveau_biblio:m niveau_hierar:0
100 1 _aBidart Campos, German J.
999 _c6860
_d6860